Taylor Swift Eras Tour Outfits Of Eras. (2023) - Statistics

General Stats
  • This quiz has been taken 729 times
    545 since last reset
  • The average score is 45 of 47
Answer Stats
Picture Answer % Correct
Midnights
99%
1989
98%
Folklore
98%
Midnights
98%
Midnights
98%
Red
98%
Speak Now
98%
1989
97%
Fearless
97%
Fearless
97%
Folklore
97%
Folklore
97%
Lover
97%
Midnights
97%
Midnights
97%
Speak Now
97%
1989
96%
Evermore
96%
Lover
96%
Lover
96%
Midnights
96%
Midnights
96%
Midnights
96%
Red
96%
Reputation
96%
Speak Now
96%
Speak Now
96%
Evermore
95%
Evermore
95%
Folklore
95%
Midnights
95%
Speak now
95%
1989
94%
Fearless
94%
Lover
94%
Lover
94%
Lover
94%
Midnights
94%
Midnights
94%
Midnights
94%
Red
94%
Red
94%
Speak Now
94%
Folklore
93%
Midnights
93%
Midnights
93%
Red
93%
No matching quizzes found
Score Distribution
Percent of People with Each Score
Percentile by Number Answered
Your Score History
You have not taken this quiz since the last reset